|
|
|
|
| LEADER |
00000nab a2200000 a 4500 |
| 001 |
vtls001505890 |
| 003 |
SK-MaSNL |
| 005 |
20260304134137.0 |
| 008 |
250505s1998 xo 000 0 slo |
| 035 |
|
|
|a SPKCL8217
|
| 035 |
|
|
|a urn:nbn:sk:snk-abaf4p
|
| 035 |
|
|
|a (urnnbn)urn:nbn:sk:snk:ar-a0asms
|
| 035 |
|
|
|a (uuid)4396fe19-6dcb-4c2e-883d-362bcbd6414b
|
| 040 |
|
|
|a SNKBUCL
|b slo
|c SNKBUCL
|e AACR2
|
| 041 |
0 |
|
|a slo
|
| 044 |
|
|
|a xo
|c SK
|
| 080 |
|
|
|a 37.015.4:301.173
|2 1981
|
| 100 |
1 |
|
|a Čornaničová, Rozália
|4 aut
|9 6892
|
| 245 |
1 |
0 |
|a Ondrejkovič, Peter: Socializácia mládeže ako východisková kategória sociológie výchovy a sociológie mládeže. - Bratislava : Veda, 1997. - 203 s.
|c Rozália Čornaničová
|
| 650 |
0 |
7 |
|a socializácia
|2 snkbucl
|9 4925
|
| 650 |
0 |
7 |
|a rozvoj osobnosti
|2 snkbucl
|9 63298
|
| 650 |
0 |
7 |
|a mládež
|2 snkbucl
|9 1575
|
| 650 |
0 |
7 |
|a pedagogická sociológia
|2 snkbucl
|9 78969
|
| 773 |
0 |
|
|t Vzdelávanie dospelých
|g Roč. 3, č. 4 (1998), s. 64-66
|
| 787 |
0 |
8 |
|i Rec.:
|a Ondrejkovič, Peter
|t Socializácia mládeže ako východisková kategória sociológie výchovy a sociológie mládeže
|d Bratislava : Veda, 1997
|
| 850 |
|
|
|a Slovenská národná knižnica
|
| 852 |
|
|
|a Slovenská národná knižnica
|
| 954 |
|
|
|a odborná, vedecká literatúra pôvodná (slovenská)
|2 lita
|
| 958 |
|
|
|a article14
|
| 958 |
|
|
|a OND
|
| 958 |
|
|
|a EUIPO
|
| 999 |
|
|
|c 2905476
|d 2907406
|